000 00368 a2200169 4500
001 58073
020 _a8500313463
040 _cAnchieta - Pituba
100 _aGonzaga, Tomás Antônio
240 1 0 _aMarília de Dirceu
_lpor
245 1 0 _aMarília de Dirceu
300 _a122
362 0 _a2001
440 1 _aEdiouro
650 4 _aPoesia portuguesa
942 _cBK
999 _c58073
_d58073